Mikroekonomická adaptácia a jej súvislosti s rozvojom finančného sektora v kontexte transformačného procesu Slovenska
Hospodárska transformácia a základné špecifiká vývoja. Nedostatočná finančná obsluha reálnej ekonomiky ako hlavná bariéra ďalšieho vývoja. Reštrukturalizácia bankového a podnikového sektora. Regulácia bankového sektora a dohľad nad finančným trhom. Vývoj ekonomiky po konsolidácii finančného sektora.
Salvato in:
| Autore principale: | |
|---|---|
| Altri autori: | |
| Natura: | Capitolo di libro |
| Lingua: | slovacco |
| Soggetti: | |
| Tags: |
Nessun Tag, puoi essere il primo ad aggiungerne!!
|
MARC
| LEADER | 00000naa$a2200000$$$4500 | ||
|---|---|---|---|
| 001 | 0092747 | ||
| 005 | 20231102114131.7 | ||
| 041 | 0 | |a slo | |
| 044 | |a SK | ||
| 245 | 1 | 0 | |a Mikroekonomická adaptácia a jej súvislosti s rozvojom finančného sektora v kontexte transformačného procesu Slovenska |c Pavol Kárász, Juraj Renčko |
| 520 | |a Hospodárska transformácia a základné špecifiká vývoja. Nedostatočná finančná obsluha reálnej ekonomiky ako hlavná bariéra ďalšieho vývoja. Reštrukturalizácia bankového a podnikového sektora. Regulácia bankového sektora a dohľad nad finančným trhom. Vývoj ekonomiky po konsolidácii finančného sektora. | ||
| 610 | 2 | 0 | |a financie verejné |
| 610 | 2 | 0 | |a trh finančný |
| 610 | 2 | 0 | |a transformácia |
| 610 | 2 | 0 | |a vývoj hospodársky |
| 610 | 2 | 0 | |a reštrukturalizácia finančná |
| 610 | 2 | 0 | |a dohľad bankový |
| 610 | 2 | 0 | |a Česko |
| 610 | 2 | 0 | |a Slovensko |
| 100 | 1 | |a Kárász, Pavol | |
| 700 | 1 | |a Renčko, Juraj | |